000
00327nam a2200145Ia 4500
008
230406s9999 xx 000 0 und d
020
_a
9780143441205
082
_a
152.43
_b
KATL
100
_a
Madan Kataria
245
0
_a
Laughter Yoga
260
_a
Gurugram
_b
Ebury Press
300
_a
232
650
_a
Pranayam
942
_c
BK
999
_c
1660
_d
1660